English-Kiswahili Assorted Dictionary/ (Record no. 1154)

000 -LEADER
fixed length control field 00552nam a22001817a 4500
003 - CONTROL NUMBER IDENTIFIER
control field OSt
005 - DATE AND TIME OF LATEST TRANSACTION
control field 20140116120847.0
008 - FIXED-LENGTH DATA ELEMENTS--GENERAL INFORMATION
fixed length control field 130516b xxu||||| |||| 00| 0 eng d
050 ## - LIBRARY OF CONGRESS CALL NUMBER
Classification number REF PL 8703 .W35 2005
100 ## - MAIN ENTRY--PERSONAL NAME
Personal name Wamitila, K.W.
Fuller form of name K.W Wamitila
245 ## - TITLE STATEMENT
Title English-Kiswahili Assorted Dictionary/
Statement of responsibility, etc K.W Wamitila & Joyce M. Kyallo
250 ## - EDITION STATEMENT
Edition statement Revised edition
260 ## - PUBLICATION, DISTRIBUTION, ETC. (IMPRINT)
Place of publication, distribution, etc Nairobi:
Name of publisher, distributor, etc Focus books,
Date of publication, distribution, etc 2002.
300 ## - PHYSICAL DESCRIPTION
Extent xvi,415p.
650 ## - SUBJECT ADDED ENTRY--TOPICAL TERM
Topical term or geographic name as entry element english-kiswahili dictionary
700 ## - ADDED ENTRY--PERSONAL NAME
Personal name kyallo, m. florence.
Fuller form of name Florence M. Kyallo
942 ## - ADDED ENTRY ELEMENTS (KOHA)
Source of classification or shelving scheme
Koha item type Reference material
Holdings
Withdrawn status Lost status Source of classification or shelving scheme Damaged status Not for loan Home library Current library Shelving location Date acquired Total Checkouts Full call number Barcode Date last seen Copy number Price effective from Koha item type
          Riara University Library Riara University Library General stack 16/05/2013   REF 8703 .W35 2005 3859/12 16/05/2013 C.1 16/05/2013 Reference material

Riara University Library,
P.O. Box 49940-00100,
Nairobi, Kenya.